Situated literacies: reading and writing in context
Salvato in:
| Autori principali: | , , |
|---|---|
| Natura: | Libro |
| Lingua: | inglese |
| Pubblicazione: |
Londres
Routledge
2000
|
| Edizione: | 1a. ed |
| Serie: | Literacies
|
| Soggetti: | |
| Tags: |
Aggiungi Tag
Nessun Tag, puoi essere il primo ad aggiungerne!!
|
MARC
| LEADER | 00000nam a2200000 a 4500 | ||
|---|---|---|---|
| 001 | UCL9265 | ||
| 003 | CL-VaPUC | ||
| 008 | 040730e20000000UK |||||||||||||||||eng|d | ||
| 020 | |a 0415206715 | ||
| 082 | 0 | 4 | |a 302.2244 |b BAR |2 21 |
| 100 | 0 | |a Barton, David |e author |9 487079 | |
| 700 | 0 | |a Hamilton, Mary |e author |9 487080 | |
| 700 | |a Ivanic, Roz |e author |9 487081 | ||
| 245 | 1 | 0 | |a Situated literacies: reading and writing in context |
| 250 | |a 1a. ed | ||
| 300 | |a 222 p | ||
| 942 | |c BK | ||
| 945 | |d 20040730 00:00:00 |a cmena | ||
| 260 | |a Londres |b Routledge |c 2000 | ||
| 650 | 0 | |a Sociolingüística |9 263716 | |
| 650 | 0 | |a Análisis del discurso |9 256696 | |
| 650 | 0 | |a Literatura |9 259151 | |
| 650 | 0 | |a Aspectos sociales |9 254894 | |
| 583 | |a last modification |c 20040730 00:00:00 |k Rodrigo Vera | ||
| 490 | 0 | |a Literacies | |
| 999 | |c 310127 |d 310125 | ||
| 952 | |0 0 |1 0 |4 0 |6 302_224400000000000_BAR_2000 |7 0 |8 A |9 378279 |a FDOPOS |b FDOPOS |d 2019-11-21 |i 4042689 |o 302.2244 BAR 2000 |p 4042689 |r 2025-01-22 |w 2019-11-21 |y BK |k MLA | ||
| 952 | |0 0 |1 0 |4 0 |6 302_224400000000000_BAR_2000 |7 0 |8 A |9 378280 |a FDOPOS |b FDOPOS |d 2019-11-21 |i 439741K |o 302.2244 BAR 2000 |p 439741K |r 2025-01-22 |w 2019-11-21 |y BK |k MLA | ||